| 000 | 00803nam a2200241Ii 4500 | ||
|---|---|---|---|
| 003 | JO-AjNU | ||
| 008 | 230605s9999||||xx |||||||||||||| ||und|| | ||
| 017 | _a1981/3092 | ||
| 020 | _a977-7335-21-0 | ||
| 040 |
_aJO-AjNU _bara _erda _cJO-AjNU |
||
| 041 | _aara | ||
| 050 | 1 | 4 | _aBP144.H38 1981 |
| 100 | 3 |
_aحوى، سعيد, _eauthor _916894 |
|
| 245 | 0 | 0 | _aجولات في الفقهين الكبير والأكبر وأصولهما |
| 250 | _aط2 | ||
| 264 | 3 | 1 | _aالقاهرة: مكتبة وهبة، 1981 |
| 300 | _a151ص | ||
| 336 |
_atext _btxt _2rdacontent |
||
| 337 |
_aunmediated _bn _2rdamedia |
||
| 338 |
_avolume _bnc _2rdacarrier |
||
| 490 | 0 | _aدراسات منهجية هادفة في البناء | |
| 650 | 4 |
_aاصول الفقه الاسلامي- الفقه الاسلامي _916895 |
|
| 999 |
_aA5107 _c8675 _d8675 |
||